Films de David Fincher en image - Statistiques

Statistiques générales
  • Ce quiz a été pris 1 471 fois
    1 343 depuis la dernière actualisation
  • Le résultat moyen est 7 sur 12
Statistiques - réponses
Par images Réponse % Correct
Fight Club
100%
Seven
92%
The Social Network
88%
Alien 3
82%
Zodiac
72%
Gone Girl
71%
L'étrange histoire de Benjamin Button
69%
The Game
49%
Panic Room
39%
Millénium : Les Hommes qui n'aimaient pas les femmes
35%
The Killer
31%
Mank
22%
Aucun quiz correspondant
Distribution des résultats
% des personnes avec chaque résultat
Percentile par nombre de réponses
Votre historique - résultats
Vous n’avez pas pris ce quiz depuis la dernière actualisation